[Event "Montcada"]
[Site "Montcada"]
[Date "2018.07.01"]
[Round "8.7"]
[White "Raghunandan, Kaumandur Srihari"]
[Black "Valenzuela Gomez, Fernando"]
[Result "1-0"]
[BlackElo "2392"]
[WhiteElo "2409"]
[LiveChessVersion "1.4.8"]

1. Nf3 {[%clk 1:30:55]} Nf6 {[%clk 1:20:16]} 2. c4 {[%clk 1:31:13]} g6
{[%clk 1:20:18]} 3. Nc3 {[%clk 1:31:35]} Bg7 {[%clk 1:20:45]} 4. e4
{[%clk 1:31:55]} d6 {[%clk 1:21:06]} 5. d4 {[%clk 1:32:17]} O-O {[%clk 1:21:23]}
6. Be2 {[%clk 1:32:33]} Na6 {[%clk 1:21:31]} 7. Be3 {[%clk 1:32:44]} e5
{[%clk 1:19:56]} 8. d5 {[%clk 1:33:07]} Nh5 {[%clk 1:13:52]} 9. g3
{[%clk 1:32:46]} f5 {[%clk 0:57:40]} 10. exf5 {[%clk 1:33:09]} gxf5
{[%clk 0:56:29]} 11. Bg5 {[%clk 1:33:02]} Qe8 {[%clk 0:52:09]} 12. Nh4
{[%clk 1:32:32]} Nf6 {[%clk 0:51:01]} 13. Qc2 {[%clk 1:19:22]} Nc5
{[%clk 0:45:47]} 14. Be3 {[%clk 1:17:46]} e4 {[%clk 0:42:08]} 15. O-O
{[%clk 1:08:16]} a5 {[%clk 0:34:46]} 16. Rae1 {[%clk 1:02:12]} Nfd7
{[%clk 0:32:39]} 17. f4 {[%clk 0:59:34]} exf3 {[%clk 0:26:30]} 18. Bxf3
{[%clk 0:59:51]} Ne5 {[%clk 0:26:39]} 19. Bxc5 {[%clk 0:56:44]} dxc5
{[%clk 0:26:08]} 20. Bd1 {[%clk 0:33:56]} Bd7 {[%clk 0:22:37]} 21. Kh1
{[%clk 0:29:23]} Qf7 {[%clk 0:22:15]} 22. Ne2 {[%clk 0:27:42]} b5
{[%clk 0:20:45]} 23. b3 {[%clk 0:24:26]} a4 {[%clk 0:20:49]} 24. Nf4
{[%clk 0:24:37]} axb3 {[%clk 0:18:37]} 25. axb3 {[%clk 0:25:01]} bxc4
{[%clk 0:17:08]} 26. bxc4 {[%clk 0:25:26]} c6 {[%clk 0:13:07]} 27. Ne6
{[%clk 0:23:12]} Bxe6 {[%clk 0:12:57]} 28. dxe6 {[%clk 0:23:36]} Qxe6
{[%clk 0:13:13]} 29. Nxf5 {[%clk 0:23:39]} Bf6 {[%clk 0:12:18]} 30. Nh6+
{[%clk 0:10:47]} Kh8 {[%clk 0:12:13]} 31. Ng4 {[%clk 0:10:20]} Bg7
{[%clk 0:10:12]} 32. Rxf8+ {[%clk 0:10:41]} Rxf8 {[%clk 0:10:40]} 33. Nxe5
{[%clk 0:10:42]} Bxe5 {[%clk 0:10:48]} 34. Qe4 {[%clk 0:10:55]} Re8
{[%clk 0:10:29]} 35. Bc2 {[%clk 0:04:04]} Re7 {[%clk 0:10:44]} 36. Rf1
{[%clk 0:04:23]} Kg8 {[%clk 0:06:44]} 37. Qf3 {[%clk 0:02:20]} Bg7
{[%clk 0:05:21]} 38. Qh5 {[%clk 0:02:38]} Bd4 {[%clk 0:01:50]} 39. Qg5+
{[%clk 0:02:06]} Bg7 {[%clk 0:02:17]} 40. Qxc5 {[%clk 0:02:06]} Rf7
{[%clk 0:02:05]} 41. Bf5 {[%clk 0:02:01]} Qe8 {[%clk 0:01:50]} 42. Qf2
{[%clk 0:01:26]} Kh8 {[%clk 0:01:59]} 43. Qf3 {[%clk 0:01:27]} Re7
{[%clk 0:01:47]} 44. Qd3 {[%clk 0:00:52]} Re3 {[%clk 0:01:14]} 45. Qb1
{[%clk 0:00:34]} h6 {[%clk 0:00:59]} 46. Bg6 {[%clk 0:00:35]} Qd8
{[%clk 0:01:11]} 47. Qf5 {[%clk 0:00:44]} Re5 {[%clk 0:01:04]} 48. Qf3
{[%clk 0:01:07]} Re6 {[%clk 0:01:05]} 49. Rd1 {[%clk 0:00:35]} Rd6
{[%clk 0:01:01]} 50. Bd3 {[%clk 0:00:34]} Bd4 {[%clk 0:00:48]} 51. Be4
{[%clk 0:00:39]} c5 {[%clk 0:01:00]} 52. Qf5 {[%clk 0:00:44]} Qe7
{[%clk 0:01:13]} 53. Rb1 {[%clk 0:00:50]} Rd7 {[%clk 0:00:31]} 54. Rb8+
{[%clk 0:01:08]} 1-0

[Event "Montcada"]
[Site "Montcada"]
[Date "2018.07.01"]
[Round "8.8"]
[White "Asis Gargatagli, Hipolito"]
[Black "Mitrabha, Guha"]
[Result "1-0"]
[BlackElo "2330"]
[WhiteElo "2537"]
[LiveChessVersion "1.4.8"]

1. e4 c6 2. d4 d5 3. Nd2 dxe4 4. Nxe4 Nf6 5. Ng3 h5 6. h3 h4 7. N3e2 Bf5 8. Nf3
e6 9. Nc3 Be7 10. Bd3 Qa5 11. O-O Nbd7 12. a3 Bxd3 13. Qxd3 Nd5 14. Ne4 N7f6 15.
Neg5 Bd6 16. Ne5 Bxe5 17. dxe5 Nd7 18. f4 Ne7 19. Be3 Rd8 20. Rad1 Nf5 21. Bf2 g6
22. Rd2 O-O 23. Rfd1 Qc7 24. b4 c5 25. bxc5 Qc6 26. Qf3 Qc7 27. Ne4 Kg7 28. Nd6
Nb8 29. Nxf5+ exf5 30. Bxh4 Rxd2 31. Rxd2 Qxc5+ 32. Kh2 Qb5 33. Bf6+ Kg8 34. Qg3
Nd7 35. Rxd7 1-0

[Event "Montcada"]
[Site "Montcada"]
[Date "2018.07.01"]
[Round "8.9"]
[White "Neelash, Saha"]
[Black "Akesson, Ralf"]
[Result "1/2-1/2"]
[BlackElo "2397"]
[WhiteElo "2333"]
[LiveChessVersion "1.4.8"]

1. d4 {[%clk 1:16:01]} Nf6 {[%clk 1:30:43]} 2. Bg5 {[%clk 1:16:05]} d5
{[%clk 1:30:24]} 3. e3 {[%clk 1:16:12]} c6 {[%clk 1:27:12]} 4. Nd2
{[%clk 1:11:02]} Bf5 {[%clk 1:25:58]} 5. c4 {[%clk 1:08:18]} e6 {[%clk 1:19:55]}
6. Qb3 {[%clk 0:59:38]} Qb6 {[%clk 1:19:44]} 7. c5 {[%clk 0:59:38]} Qc7
{[%clk 1:19:44]} 8. Rc1 {[%clk 0:59:39]} Nbd7 {[%clk 1:19:20]} 9. Bd3
{[%clk 0:58:26]} Be7 {[%clk 1:12:05]} 10. Bxf5 {[%clk 0:58:26]} exf5
{[%clk 1:12:26]} 11. Qd3 {[%clk 0:58:33]} g6 {[%clk 1:06:51]} 12. b4
{[%clk 0:54:31]} O-O {[%clk 1:05:49]} 13. Ne2 {[%clk 0:53:08]} Rfe8
{[%clk 0:59:58]} 14. Bf4 {[%clk 0:49:32]} Qc8 {[%clk 0:57:50]} 15. Nb3
{[%clk 0:49:12]} Nh5 {[%clk 0:55:40]} 16. O-O Nxf4 17. exf4 {[%clk 0:48:00]} Qc7
{[%clk 0:54:14]} 18. g3 {[%clk 0:47:16]} Bf8 {[%clk 0:51:54]} 19. Nc3
{[%clk 0:46:40]} Re6 {[%clk 0:45:24]} 20. a4 {[%clk 0:33:38]} b6 {[%clk 0:38:09]}
21. cxb6 {[%clk 0:28:28]} Qxb6 {[%clk 0:19:59]} 22. Nc5 {[%clk 0:25:01]} Nxc5
{[%clk 0:18:43]} 23. bxc5 {[%clk 0:25:25]} Qa5 {[%clk 0:18:54]} 24. Rb1
{[%clk 0:25:48]} Ree8 {[%clk 0:13:07]} 25. Rb7 {[%clk 0:23:00]} Rab8
{[%clk 0:13:25]} 26. Rfb1 {[%clk 0:21:48]} Rxb7 {[%clk 0:11:25]} 27. Rxb7
{[%clk 0:22:13]} Re7 {[%clk 0:11:24]} 28. Rb1 {[%clk 0:21:28]} Re8
{[%clk 0:10:58]} 29. Kg2 {[%clk 0:19:49]} h5 {[%clk 0:11:20]} 30. Rb7
{[%clk 0:18:57]} Bg7 {[%clk 0:09:44]} 31. Qd2 {[%clk 0:16:57]} Qa6
{[%clk 0:09:06]} 32. Rb4 {[%clk 0:17:20]} Bf6 {[%clk 0:09:24]} 1/2-1/2

[Event "Montcada"]
[Site "Montcada"]
[Date "2018.07.01"]
[Round "8.10"]
[White "Deshpande, Aniruddha"]
[Black "Arjun, Kalyan"]
[Result "1/2-1/2"]
[BlackElo "2370"]
[WhiteElo "2159"]
[LiveChessVersion "1.4.8"]

1. d4 {[%clk 1:30:38]} d5 {[%clk 1:30:41]} 2. c4 {[%clk 1:31:00]} c6
{[%clk 1:31:05]} 3. Nf3 {[%clk 1:31:24]} Nf6 {[%clk 1:31:28]} 4. Qb3
{[%clk 1:31:47]} e6 {[%clk 1:31:08]} 5. Nc3 {[%clk 1:28:20]} dxc4
{[%clk 1:30:41]} 6. Qxc4 {[%clk 1:28:27]} b5 {[%clk 1:30:22]} 7. Qb3
{[%clk 1:28:24]} a6 {[%clk 1:28:19]} 8. Bg5 {[%clk 1:20:31]} Nbd7
{[%clk 1:22:53]} 9. g3 {[%clk 1:15:20]} Bb7 {[%clk 1:18:35]} 10. Bg2
{[%clk 1:14:32]} c5 {[%clk 1:18:11]} 11. O-O {[%clk 1:07:04]} c4 {[%clk 1:17:53]}
12. Qc2 {[%clk 1:05:12]} Be7 {[%clk 1:14:00]} 13. Rfe1 {[%clk 0:56:35]} h6
{[%clk 1:07:21]} 14. Bxf6 {[%clk 0:52:06]} Nxf6 {[%clk 1:07:44]} 15. e4
{[%clk 0:52:07]} O-O {[%clk 1:06:57]} 16. Rad1 {[%clk 0:51:36]} b4
{[%clk 1:01:50]} 17. Nb1 {[%clk 0:45:44]} Rc8 {[%clk 0:58:59]} 18. Ne5
{[%clk 0:45:01]} Qc7 {[%clk 0:47:25]} 19. Nd2 {[%clk 0:32:01]} c3
{[%clk 0:46:28]} 20. Ndc4 {[%clk 0:32:15]} cxb2 {[%clk 0:40:48]} 21. Qxb2
{[%clk 0:32:30]} Rfd8 {[%clk 0:39:12]} 22. Rc1 {[%clk 0:29:57]} Bf8
{[%clk 0:34:03]} 23. h3 {[%clk 0:27:01]} Ba8 {[%clk 0:32:53]} 24. Kh2
{[%clk 0:21:52]} a5 {[%clk 0:30:27]} 25. f3 {[%clk 0:17:22]} a4 {[%clk 0:28:59]}
26. Red1 {[%clk 0:17:04]} Qa7 {[%clk 0:28:54]} 27. Bf1 {[%clk 0:16:48]} Rb8
{[%clk 0:27:44]} 28. h4 {[%clk 0:13:26]} a3 {[%clk 0:25:06]} 29. Qf2
{[%clk 0:11:47]} b3 {[%clk 0:25:09]} 30. axb3 {[%clk 0:11:42]} Rxb3
{[%clk 0:25:34]} 31. Ra1 {[%clk 0:11:07]} Rdb8 {[%clk 0:23:16]} 32. Ra2
{[%clk 0:11:13]} Rc3 {[%clk 0:20:00]} 33. Rd3 {[%clk 0:08:38]} Rxd3
{[%clk 0:18:39]} 34. Bxd3 {[%clk 0:09:06]} Rd8 {[%clk 0:16:50]} 35. Nxa3
{[%clk 0:07:37]} Bxa3 {[%clk 0:08:36]} 36. Nc4 {[%clk 0:08:04]} Qxd4
{[%clk 0:07:23]} 37. Qxd4 {[%clk 0:08:27]} Rxd4 {[%clk 0:07:50]} 38. Rxa3
{[%clk 0:08:49]} Bc6 {[%clk 0:07:42]} 39. Ne5 {[%clk 0:08:57]} Ba4
{[%clk 0:07:22]} 40. Kg2 {[%clk 0:09:04]} g5 {[%clk 0:06:23]} 41. hxg5
{[%clk 0:09:10]} hxg5 {[%clk 0:06:52]} 42. g4 {[%clk 0:09:06]} Rb4
{[%clk 0:06:10]} 43. Rc3 {[%clk 0:08:05]} Nd7 {[%clk 0:05:40]} 44. Nxd7
{[%clk 0:07:45]} Bxd7 {[%clk 0:06:08]} 45. Rc5 {[%clk 0:06:47]} f6
{[%clk 0:06:28]} 46. Rc7 {[%clk 0:04:41]} Rd4 {[%clk 0:06:46]} 47. Bc4
{[%clk 0:04:08]} Kf8 {[%clk 0:07:04]} 48. Kf2 {[%clk 0:04:17]} Ke8
{[%clk 0:07:17]} 49. Ke3 {[%clk 0:04:31]} Rd1 {[%clk 0:07:38]} 50. Ra7
{[%clk 0:04:19]} Rb1 {[%clk 0:07:28]} 51. Ra3 {[%clk 0:03:59]} Ke7
{[%clk 0:07:35]} 52. Ra7 {[%clk 0:04:05]} Kd6 {[%clk 0:07:49]} 53. Ra6+
{[%clk 0:03:58]} Ke7 {[%clk 0:08:17]} 54. Ra7 {[%clk 0:04:26]} Rb6
{[%clk 0:07:28]} 55. Kd4 {[%clk 0:04:14]} 1/2-1/2